000
00333pam a2200157a 44500
008
230515b1960 xxu||||| |||| 00| 0 eng d
020
_a
NULL
041
_a
SANSKRIT
082
_a
1
100
_a
JOSHI
245
_a
DRWAGUNASHATRAM
250
_a
1
260
_a
SANGAI
_b
N.D.
_c
1960
300
_a
100
650
_a
DRWAGUNASHATRAM
999
_c
497025
_d
497025